[Event "GER-chT U12"]
[Site "Magdeburg"]
[Date "2018.12.29"]
[Round "5.3"]
[White "Sassenscheidt, Julius"]
[Black "Wagner, Ben"]
[Result "1-0"]
[WhiteElo "1034"]
[BlackElo "1194"]
[PlyCount "159"]
[EventDate "2018.12.27"]
[EventType "team-swiss"]
[EventRounds "7"]
[EventCountry "GER"]
[SourceTitle "CBM 188 Extra"]
[Source "ChessBase"]
[SourceDate "2019.02.28"]
[SourceVersion "1"]
[SourceVersionDate "2019.02.28"]
[SourceQuality "1"]
[WhiteTeam "Eilendorf Arminia"]
[BlackTeam "Muldental Wilkau Hasslau"]
[WhiteTeamCountry "GER"]
[BlackTeamCountry "GER"]

1. c4 d6 2. Nc3 Nf6 3. Nf3 g6 4. e3 Bg7 5. d4 0-0 6. Be2 Be6 7. 0-0 c6 8. b3 Na6 9. Bb2 Nc7 10. Qc2 Qd7 11. Rad1 Rad8 12. Rfe1 Qc8 13. Ba3 Rd7 14. c5 d5 15. Ne5 Rdd8 16. Qd2 Rfe8 17. Rb1 Rf8 18. b4 a6 19. Bc1 Bf5 20. Rb2 Ne4 21. Nxe4 Bxe4 22. Nd3 Bxd3 23. Qxd3 Rd7 24. Rd1 e5 25. a4 exd4 26. exd4 Re7 27. Bg5 f6 28. Be3 Rfe8 29. h3 Qb8 30. Bf4 Qc8 31. Bg4 f5 32. Bf3 Re1+ 33. Rxe1 Rxe1+ 34. Kh2 Re8 35. Bd6 Ne6 36. Be5 Bxe5+ 37. dxe5 Ng5 38. Re2 Nxf3+ 39. Qxf3 Qc7 40. Qe3 a5 41. bxa5 Qxa5 42. Qd4 Qc7 43. f4 Re6 44. Qa1 Qd7 45. Qd4 Kg7 46. Kg3 Kh6 47. h4 Qc7 48. Qb4 Qb8 49. Rb2 b5 50. axb5 cxb5 51. Qxb5 Qxb5 52. Rxb5 d4 53. Rb4 d3 54. Rd4 Rc6 55. Rxd3 Rxc5 56. Kf3 Rc8 57. g4 Kg7 58. gxf5 gxf5 59. Kg3 h5 60. Kh3 Rc6 61. Rg3+ Kh6 62. Rg2 Re6 63. Rg5 Rg6 64. Kg3 Rxg5+ 65. fxg5+ Kg6 66. Kf4 Kf7 67. Kxf5 Kf8 68. Kf6 Kg8 69. Ke7 Kg7 70. Kd7 Kg6 71. e6 Kh7 72. e7 Kg7 73. e8Q Kh7 74. Qe7+ Kg6 75. Qf6+ Kh7 76. Qf7+ Kh8 77. Qe7 Kg8 78. Ke6 Kh8 79. Kf6 Kg8 80. Qg7# 1-0